000 00512nam a2200157Ia 4500
999 _c20881
_d20881
003 OSt
005 20200623101720.0
008 190216s9999||||xx |||||||||||||| ||und||
040 _coclc
082 _a954
_bSIN/M
100 _aSingh, Arvind K
_93111
245 0 _aMaterial Culture Of Gangetic Plains During First Millennium B.C:
_b An Archaeological Study /
_cArvind K Singh
260 _bKala Prakashan ,
_c2000.
_aVaranasi:
300 _a224p
942 _cBK
_2ddc
_h954
_iSIN/M
_k954
_mSIN/M